| 000 | 01180cam a2200325 a 4500 | ||
|---|---|---|---|
| 001 | 1359 | ||
| 005 | 20230821111047.0 | ||
| 008 | 070723r20082006maua b 000 1 eng | ||
| 020 | _a9781580893381 (reinforced lib. bdg.) | ||
| 040 |
_aDLC _cDLC _dDLC |
||
| 050 | 0 | 0 |
_aPZ7.B38915 _bIf 2008 |
| 082 | 0 | 0 |
_a[E] _222 |
| 100 | 1 | _aBell, Krista. | |
| 245 | 1 | 0 |
_aIf the shoe fits / _cKrista Bell ; [illustrated by] Craig Smith. |
| 250 | _a1st U.S. ed. | ||
| 260 |
_aWatertown, MA : _bCharlesbridge, _c2008. |
||
| 300 |
_a60 pages : _billustrations ; _c22 cm |
||
| 505 | _aK | ||
| 520 | _aCassie wants to be a dancer when she grows up but is afraid to dance in front of anyone outside her family, until the day of her first jazz performance arrives and her mother and a new friend help her to gain confidence. | ||
| 521 |
_a560
_bLexile |
||
| 521 |
_aK
_bRaz-Plus |
||
| 650 | 1 |
_aSelf-confidence _vFiction. |
|
| 650 | 1 |
_aJazz dance _vFiction. |
|
| 650 | 1 |
_aDance recitals _vFiction. |
|
| 650 | 1 |
_aDance _vFiction. |
|
| 650 | 1 |
_aFriendship _vFiction. |
|
| 700 | 1 |
_aSmith, Craig, _d1955- _eillustrator |
|
| 906 |
_a7 _bcbc _corignew _d1 _eecip _f20 _gy-gencatlg |
||
| 942 |
_2ddc _cBK _n0 |
||
| 999 |
_c1359 _d1359 |
||